Nové pravidlá platobného systému SIPS

Účasť v platobnom systéme SIPS (Slovak interbank payment system). Prevádzka tohto platobného systému. Spracovanie príkazov účastníkov platobného systému SIPS. Poplatky za služby platobného systému. Reklamačný poriadok. Archivácia údajov.

Gespeichert in:
Bibliographische Detailangaben
1. Verfasser: Boušková, Dagmar
Weitere Verfasser: Kadlečíková, Oľga, 1973-
Format: Buchkapitel
Sprache:Slowakisch
Schlagworte:
Tags: Tag hinzufügen
Keine Tags, Fügen Sie das erste Tag hinzu!

MARC

LEADER 00000naa$a2200000$$$4500
001 0179041
005 20240502073036.6
041 0 |a slo 
044 |a SK 
245 1 0 |a Nové pravidlá platobného systému SIPS  |c Dagmar Boušková, Oľga Kadlečíková 
520 |a Účasť v platobnom systéme SIPS (Slovak interbank payment system). Prevádzka tohto platobného systému. Spracovanie príkazov účastníkov platobného systému SIPS. Poplatky za služby platobného systému. Reklamačný poriadok. Archivácia údajov. 
610 2 0 |a banky 
610 2 0 |a banky centrálne 
610 2 0 |a systémy platobné 
610 2 0 |a služby 
610 2 0 |a financie 
610 2 0 |a poplatky 
100 1 |a Boušková, Dagmar 
700 1 |a Kadlečíková, Oľga, 1973-